000 00727nja a2200205 a 4500
003 BLK
005 20240812112409.0
008 180414c bul|r|ner|||| 00| c0bul d
010 _aNOT00002546060
040 _aBLK
100 _aСтоянов, Веселин Анастасов
_d1902-1969
_9382752
245 1 0 _aВесела игра
_cВеселин Анастасов Стоянов.
257 _aBGR
380 _a7
773 _0312219
_9664692
_aСтоянов, Веселин Анастасов
_tХристоматия по задължително пиано
852 _aЦб М ІІ 10425
942 _cNOT
_n0
944 _aCR
_c04.06.2008
_k30560
_lГеновева Генчева
944 _aED
_c05.06.2008
_k
999 _c312279
_d312279